00958nam a22002657a 45000010005000000030006000050050017000110080041000280200018000690400029000870500010001160820015001261000019001412450107001602500027002672600035002943000039003295050007003685200191003755210019005665210018005856500032006036500023006357000034006585426FISKH20241205103319.0241205b cb ||||| |||| 00| 0 eng d a9780545449380 aFISKHbengcFISKHdFISKH a813.6 aPZ7.G84568 aGreenhut, Josh aThe US capital commotion /cCreated by Jeff Brown Written by Josh Greenhut Pictures by Macky Pamintuan aFirst printing in 2012 aNew York :bScholastic,c2012. a83 pages :billustrations ;c20 cm aT  aFlat Stanley travels to Washington D.C. to receive a special award from the President herself, but even after all his adventures, he is still not sure if he deserves to be called a hero.8 a800L bLexile 8 aT bRaz-Plus  2Washington DCaFlat Stanley 2AdventureaFantasy aPamintuan, MackydIllustrator